Afrikan liput - Statistics

Yleistilastot
  • Tätä visaa on pelattu 5 523 kertaa
  • Keskiarvotulos 31 / 54
Vastaustilastot
Kuvavisa Vastaus % Oikein
Etelä-Afrikka
98%
Kenia
89%
Egypti
88%
Tunisia
83%
Algeria
82%
Nigeria
81%
Uganda
81%
Angola
75%
Marokko
73%
Somalia
73%
Norsunluurannikko
72%
Tansania
71%
Liberia
70%
Etiopia
67%
Seychellit
66%
Libya
61%
Swazimaa
61%
Mauritania
60%
Niger
60%
Kap Verde
59%
Botswana
57%
Ghana
57%
Malawi
57%
Sudan
56%
Kongon demokraattinen tasavalta
54%
Madagaskar
54%
Senegal
54%
Lesotho
53%
Tšad
53%
Zimbabwe
53%
Burundi
52%
Etelä-Sudan
52%
Sambia
52%
Eritrea
50%
Kamerun
50%
Mali
50%
Mosambik
50%
Keski-Afrikan tasavalta
47%
Komorit
47%
Togo
45%
Burkina Faso
44%
Benin
43%
Mauritius
42%
Sierra Leone
42%
Djibouti
41%
Namibia
40%
Sao Tome ja Principe
40%
Gabon
39%
Kongon tasavalta
39%
Guinea
38%
Ruanda
38%
Päiväntasaajan Guinea
37%
Guinea-Bissau
36%
Gambia
35%
Ehtoja vastaavia visoja ei löytynyt
Tulosjakauma
Jokaisen tuloksen saaneiden osuus
Persentiili vastausten määrän mukaan
Tuloshistoriasi
Et ole pelannut tätä visaa